Fundamentos de economia / (Registro nro. 18208)

Detalles MARC
000 -LEADER
fixed length control field 01278nam a2200313 4500
001 - CONTROL NUMBER
control field 0000014732
003 - CONTROL NUMBER IDENTIFIER
control field CO-CtgCURN
005 - DATE AND TIME OF LATEST TRANSACTION
control field 20250506231811.0
007 - PHYSICAL DESCRIPTION FIXED FIELD--GENERAL INFORMATION
fixed length control field ta
008 - FIXED-LENGTH DATA ELEMENTS--GENERAL INFORMATION
fixed length control field 160627s1990 000 0 eng d
020 ## - INTERNATIONAL STANDARD BOOK NUMBER
International Standard Book Number 9684222947
040 ## - CATALOGING SOURCE
Original cataloging agency CO-CtgCURN
Language of cataloging spa
Transcribing agency coctgcurn
082 0# - DEWEY DECIMAL CLASSIFICATION NUMBER
Classification number 330.1
Item number M35f
100 1# - MAIN ENTRY--PERSONAL NAME
Personal name Mendez Morales, José Silvestre.
245 10 - TITLE STATEMENT
Title Fundamentos de economia /
Statement of responsibility, etc. José Silvestre Mendez Morales.
250 ## - EDITION STATEMENT
Edition statement 2a ed.
260 ## - PUBLICATION, DISTRIBUTION, ETC.
Place of publication, distribution, etc. Mexico :
Name of publisher, distributor, etc. McGraw-Hill,
Date of publication, distribution, etc. 1990.
300 ## - PHYSICAL DESCRIPTION
Extent xiii, 321 p.
336 ## - CONTENT TYPE
Source rdacontent
337 ## - MEDIA TYPE
Source rdamedia
Media type term sin mediacion
Media type code n
338 ## - CARRIER TYPE
Source rdacarrier
Carrier type term volumen
Carrier type code nc
504 ## - BIBLIOGRAPHY, ETC. NOTE
Bibliography, etc. note Bibliografia (p. 309-311)
505 8# - FORMATTED CONTENTS NOTE
Formatted contents note La economia y su relacion con la contaduria y la administracio.--Los sitemas historicos de organizacion economica y las corrientes economicas.--Teoria objetiva del valor.--El mercado, clases de mercad, competencia perfecta e imperfecta.--Teoria de la distribucion: el salario y su determinacion.--Teoria macroeconomica.--El ciclo y las crisis economica
650 14 - SUBJECT ADDED ENTRY--TOPICAL TERM
Topical term or geographic name entry element Teoria economica.
908 ## - PUT COMMAND PARAMETER (RLIN)
Put command parameter 160627
942 ## - ADDED ENTRY ELEMENTS (KOHA)
Koha item type Libros
Classification part 330.1
Item part M35f
Source of classification or shelving scheme Dewey Decimal Classification
Suppress in OPAC No
Existencias
Withdrawn status Lost status Source of classification or shelving scheme Damaged status Not for loan Collection Home library Current library Shelving location Date acquired Inventory number Total checkouts Full call number Barcode Date last seen Copy number Price effective from Koha item type Public note
    Dewey Decimal Classification     General Miguel Henríquez Castañeda Miguel Henríquez Castañeda General 03/31/2025 002894   330.1 M35f 002894 03/31/2025 ej.1 03/31/2025 Libros 330-ECONOM
    Dewey Decimal Classification     General Miguel Henríquez Castañeda Miguel Henríquez Castañeda General 03/31/2025 002895   330.1 M35f 002895 03/31/2025 ej.2 03/31/2025 Libros 330-ECONOM